[Event "Sundsvall op"]
[Site "Sundsvall"]
[Date "2020.01.06"]
[Round "7"]
[White "Hjorth, Gunnar"]
[Black "Viberg, Jan"]
[Result "1/2-1/2"]
[WhiteElo "2197"]
[BlackElo "1917"]
[PlyCount "65"]
[EventDate "2020.01.04"]
[EventType "swiss"]
[EventRounds "8"]
[EventCountry "SWE"]
[SourceTitle "CBM 194 Extra"]
[Source "ChessBase"]
[SourceDate "2020.03.31"]
[SourceVersion "1"]
[SourceVersionDate "2020.03.31"]
[SourceQuality "1"]

1. d4 e6 2. Nf3 Nf6 3. g3 b6 4. Bg2 Bb7 5. 0-0 c5 6. c4 cxd4 7. Qxd4 Be7 8. Nc3 0-0 9. b3 Nc6 10. Qf4 Qb8 11. Rd1 Qxf4 12. Bxf4 Nb4 13. Bd6 Bxd6 14. Rxd6 Rfd8 15. Rad1 Kf8 16. Ne5 Bxg2 17. Kxg2 Ke7 18. R6d2 Nc6 19. Nf3 Rac8 20. h3 h6 21. e4 d6 22. Nd4 Nxd4 23. Rxd4 Rd7 24. f4 Rcd8 25. Kf3 g5 26. R4d3 a6 27. a4 a5 28. R1d2 gxf4 29. gxf4 Rg8 30. Rg2 Rxg2 31. Kxg2 Rd8 32. Kf3 Nd7 33. Re3 1/2-1/2

[Event "Hasselbacken op"]
[Site "Stockholm"]
[Date "2017.11.03"]
[Round "1"]
[White "Tikkanen, Hans"]
[Black "Viberg, Jan"]
[Result "1-0"]
[WhiteElo "2520"]
[BlackElo "1907"]
[PlyCount "53"]
[EventDate "2017.11.03"]
[EventType "swiss"]
[EventRounds "8"]
[EventCountry "SWE"]
[SourceTitle "CBM 181 Extra"]
[Source "ChessBase"]
[SourceDate "2017.12.12"]
[SourceVersion "1"]
[SourceVersionDate "2017.12.12"]
[SourceQuality "1"]

1. d4 Nf6 2. Nf3 e6 3. e3 b6 4. Bd3 Bb7 5. 0-0 Be7 6. c4 0-0 7. Nc3 d5 8. cxd5 exd5 9. b3 Nbd7 10. Bb2 a6 11. Ne5 g6 12. f4 c5 13. Qf3 cxd4 14. exd4 Rc8 15. Rad1 Bb4 16. Bb1 Qc7 17. Rc1 Qd6 18. g4 Qe6 19. g5 Nxe5 20. fxe5 Bxc3 21. Bxc3 Ne4 22. Bxe4 dxe4 23. Qe3 Qg4+ 24. Kh1 b5 25. h3 Qe6 26. Rf6 Qd5 27. Rd6 1-0